ABC of urology / (Record no. 115123)

MARC details
000 -LEADER
fixed length control field 00940cam a22003014a 4500
008 - FIXED-LENGTH DATA ELEMENTS--GENERAL INFORMATION
fixed length control field
020 ## - INTERNATIONAL STANDARD BOOK NUMBER
International Standard Book Number 0727910752 (pbk.)
049 ## - LOCAL HOLDINGS (OCLC)
Holding library MAIN
090 ## - LOCALLY ASSIGNED LC-TYPE CALL NUMBER (OCLC); LOCAL CALL NUMBER (RLIN)
Classification number (OCLC) (R) ; Classification number, CALL (RLIN) (NR) RC871
Local cutter number (OCLC) ; Book number/undivided call number, CALL (RLIN) ABC.
003 - CONTROL NUMBER IDENTIFIER
control field
005 - DATE AND TIME OF LATEST TRANSACTION
control field 20230120204004.0
040 ## - CATALOGING SOURCE
Transcribing agency NUST
245 00 - TITLE STATEMENT
Title ABC of urology /
Statement of responsibility, etc. edited by Chris Dawson, Hugh N. Whitfield.
260 ## - PUBLICATION, DISTRIBUTION, ETC.
Place of publication, distribution, etc. Malden :
Name of publisher, distributor, etc. BMJ Books/Blackwell Pub,
Date of publication, distribution, etc. c1997.
300 ## - PHYSICAL DESCRIPTION
Extent vii, 46 p. :
Other physical details col ill. ;
Dimensions 30 cm.
504 ## - BIBLIOGRAPHY, ETC. NOTE
Bibliography, etc. note Includes bibliographical references.
500 ## - GENERAL NOTE
General note Includes index.
650 #0 - SUBJECT ADDED ENTRY--TOPICAL TERM
Topical term or geographic name entry element Urology.
650 #0 - SUBJECT ADDED ENTRY--TOPICAL TERM
Topical term or geographic name entry element Genitourinary organs
General subdivision Diseases.
650 12 - SUBJECT ADDED ENTRY--TOPICAL TERM
Topical term or geographic name entry element Urologic Diseases
General subdivision diagnosis.
650 12 - SUBJECT ADDED ENTRY--TOPICAL TERM
Topical term or geographic name entry element Urologic Diseases
General subdivision therapy.
650 22 - SUBJECT ADDED ENTRY--TOPICAL TERM
Topical term or geographic name entry element Genital Diseases, Male
General subdivision diagnosis.
650 22 - SUBJECT ADDED ENTRY--TOPICAL TERM
Topical term or geographic name entry element Genital Diseases, Male
General subdivision therapy.
700 1# - ADDED ENTRY--PERSONAL NAME
Personal name Dawson, Chris.
700 1# - ADDED ENTRY--PERSONAL NAME
Personal name Whitfield, Hugh N.
907 ## - LOCAL DATA ELEMENT G, LDG (RLIN)
a .b1025657x
b 19-07-11
c 17-06-08
942 ## - ADDED ENTRY ELEMENTS (KOHA)
Koha item type Ordinary Loan Books
Call number prefix RC871
Call number suffix ABC.
Holdings
Date last seen Total Checkouts Full call number Barcode Cost, replacement price Price effective from Koha item type Lost status Source of classification or shelving scheme Damaged status Not for loan Collection Withdrawn status Home library Current library Shelving location Date acquired Cost, normal purchase price
01/20/2023 2 RC871 ABC 92004009249 80.00 01/20/2023 BOOKS   LCC     NFIC   Medical Medical GEN 01/20/2023 80.00